|
|
|
|
| LEADER |
00000nam0a2200000 4500 |
| 001 |
290373 |
| 005 |
20231102000259.0 |
| 010 |
|
|
|a 9785940749554
|
| 035 |
|
|
|a (RuTPU)RU\TPU\book\314922
|
| 090 |
|
|
|a 290373
|
| 100 |
|
|
|a 20150406d2014 m y0rusy50 ca
|
| 101 |
0 |
|
|a rus
|
| 102 |
|
|
|a RU
|
| 105 |
|
|
|a a j 001zy
|
| 200 |
1 |
|
|a Основы теории вейвлетов. Вейвлеты в MATLAB
|e учебное пособие
|f Н. К. Смоленцев
|
| 205 |
|
|
|a 4-е изд., доп. и перераб.
|
| 210 |
|
|
|a Москва
|c ДМК Пресс
|d 2014
|
| 215 |
|
|
|a 628 с.
|c ил.
|
| 320 |
|
|
|a Библиогр.: с. 616-620.
|
| 320 |
|
|
|a Предм. указ.: с. 624-627.
|
| 330 |
|
|
|a Предлагаемая читателю книга может служить учебником по теории вейвлетов и их применениям в системе MATLAB. Она предназначена для студентов высших учебных заведений, обучающихся по направлениям и специальностям, связанным с математикой, прикладной математикой и информационными технологиями, и будет полезна специалистам-практикам, использующим вейвлеты в своей работе. В книгу включены сведения по преобразованию Фурье, фильтрам и разложению сигналов. Впервые в учебной литературе представлено построение вейвлетов с произвольным натуральным коэффициентом масштабирования N. Рассматриваются вейвлеты с матричным коэффициентом масштабирования, гармонические вейвлеты и мультивейвлеты. Вторая часть книги посвящена описанию основных функций вейвлет-анализа в системе MATLAB и их использования для удаления шума и сжатия сигнала, для обработки изображений и трехмерных массивов. Отдельно в качестве примера рассмотрен вейвлет-анализ кардиосигналов.
|
| 606 |
1 |
|
|a Вейвлет-анализ
|2 stltpush
|3 (RuTPU)RU\TPU\subj\51889
|9 70392
|
| 610 |
1 |
|
|a математика
|
| 610 |
1 |
|
|a вейвлеты
|
| 610 |
1 |
|
|a MATLAB
|
| 610 |
1 |
|
|a преобразование Фурье
|
| 610 |
1 |
|
|a фильтры
|
| 610 |
1 |
|
|a Wavelet Toolbox
|
| 610 |
1 |
|
|a вейвлет-преобразования
|
| 610 |
1 |
|
|a вейвлет-функции
|
| 610 |
1 |
|
|a сигналы
|
| 610 |
1 |
|
|a вейвлеты Хаара
|
| 610 |
1 |
|
|a масштабирующие функции
|
| 610 |
1 |
|
|a вейвлет-пакеты
|
| 610 |
1 |
|
|a сплайновые вейвлеты
|
| 610 |
1 |
|
|a удаление
|
| 610 |
1 |
|
|a шумы
|
| 610 |
1 |
|
|a кардиосигналы
|
| 610 |
1 |
|
|a изображения
|
| 610 |
1 |
|
|a моделирование
|
| 610 |
1 |
|
|a мультисигналы
|
| 610 |
1 |
|
|a учебные пособия
|
| 675 |
|
|
|a 519.62(075.8)
|v 4
|
| 700 |
|
1 |
|a Смоленцев
|b Н. К.
|g Николай Константинович
|
| 801 |
|
1 |
|a RU
|b 63413507
|c 20150406
|
| 801 |
|
2 |
|a RU
|b 63413507
|c 20150630
|g RCR
|
| 900 |
|
|
|a Прикладная математика
|
| 900 |
|
|
|a Цифровая обработка сигналов
|
| 942 |
|
|
|c BK
|
| 952 |
|
|
|l 8
|